| Tag |
First Indicator |
Second Indicator |
Subfields |
| LEADER |
00000cam a2200000Ma 4500 |
| 001 |
in00002052011 |
| 005 |
20151101182411.0 |
| 008 |
831118s1915 enkacf 001 0aeng d |
| 035 |
|
|
|a (OCoLC)ocm17709358
|
| 040 |
|
|
|a YUU
|c YUU
|d OCLCQ
|d TXA
|d UtOrBLW
|
| 041 |
1 |
|
|a eng
|h ger
|
| 049 |
|
|
|a TXAM
|
| 090 |
|
|
|a ML410.W1
|b N42 1915
|
| 100 |
1 |
|
|a Neumann, Angelo,
|d 1838-1910.
|
| 240 |
1 |
0 |
|a Erinnerungen an Richard Wagner.
|l English
|
| 245 |
1 |
0 |
|a Personal recollections of Wagner /
|c by Angelo Neumann ; translated from the fourth German edition by Edith Livermore.
|
| 264 |
|
1 |
|a London ;
|a New York :
|b G. Schirmer,
|c [1915]
|
| 264 |
|
4 |
|c ©1915
|
| 300 |
|
|
|a iv, 329 pages :
|b illustrations, portraits, facsimiles ;
|c 24 cm.
|
| 336 |
|
|
|a text
|b txt
|2 rdacontent
|
| 337 |
|
|
|a unmediated
|b n
|2 rdamedia
|
| 338 |
|
|
|a volume
|b nc
|2 rdacarrier
|
| 536 |
|
|
|a From the Howard Mayer Brown, Edward Downes and Mary Schieffelin book collections, October 2004.
|
| 600 |
1 |
0 |
|a Wagner, Richard,
|d 1813-1883.
|
| 700 |
1 |
|
|a Livermore, Edith.
|
| 948 |
|
|
|a cataloged
|b h
|c 2005/6/10
|d c
|e jgreene
|f 6:08:39 pm
|
| 994 |
|
|
|a C0
|b TXA
|
| 999 |
|
|
|a MARS
|
| 999 |
f |
f |
|s ce3f6121-1482-3759-a6fe-6adab0e13156
|i ce23342f-f2e2-3a93-8f1a-be5194a52946
|t 0
|
| 952 |
f |
f |
|p ric
|a Texas A&M University
|b Rellis Campus
|c Joint Library Facility
|d Remote Storage
|t 0
|e ML410.W1 N42 1915
|h Library of Congress classification
|i unmediated -- volume
|m A14833634568
|
| 998 |
f |
f |
|a ML410.W1 N42 1915
|t 0
|l Remote Storage
|